000
00318nam a22001337a 4500
020
_a
9789695034132
040
_c
NUST
082
_a
891.4393 SAL
100
_a
Salma Awan
245
_a
Yeh Mera Baltistan
260
_a
Lahore;
_b
Al Faisal Nashran,
_c
2005.
650
_a
Urdu Literature-Novel
_9
1164
942
_2
ddc
_c
BK
999
_c
594593
_d
594593